Post-Colonial Studies : the key concepts / (Record no. 4876)
[ view plain ]
| 000 -LEADER | |
|---|---|
| fixed length control field | 00850nam a2200229Ia 4500 |
| 003 - CONTROL NUMBER IDENTIFIER | |
| control field | BUBTL |
| 008 - FIXED-LENGTH DATA ELEMENTS--GENERAL INFORMATION | |
| fixed length control field | 151213s9999 xx 000 0 und d |
| 020 ## - INTERNATIONAL STANDARD BOOK NUMBER | |
| International Standard Book Number | 0415243602 |
| 082 ## - DEWEY DECIMAL CLASSIFICATION NUMBER | |
| Classification number | 325.303/ As34p/ 2000 |
| Item number | |
| 100 ## - MAIN ENTRY--PERSONAL NAME | |
| Personal name | Ashcroft, Bill |
| 9 (RLIN) | 4955 |
| 245 ## - TITLE STATEMENT | |
| Title | Post-Colonial Studies : the key concepts / |
| Statement of responsibility, etc. | Bill Ashcroft Gareth Griffiths and Helen Tiffin |
| 250 ## - EDITION STATEMENT | |
| Edition statement | 1st Edn |
| 260 ## - PUBLICATION, DISTRIBUTION, ETC. (IMPRINT) | |
| Place of publication, distribution, etc. | New York |
| Name of publisher, distributor, etc. | Routtedge |
| Date of publication, distribution, etc. | c2000 |
| 300 ## - PHYSICAL DESCRIPTION | |
| Extent | [xi],275p. : |
| Other physical details | 22 cm |
| 500 ## - GENERAL NOTE | |
| General note | Includes Index |
| 650 ## - SUBJECT ADDED ENTRY--TOPICAL TERM | |
| Topical term or geographic name as entry element | English Literatur |
| 9 (RLIN) | 4956 |
| 650 ## - SUBJECT ADDED ENTRY--TOPICAL TERM | |
| Topical term or geographic name as entry element | |
| 700 ## - ADDED ENTRY--PERSONAL NAME | |
| Personal name | Bill Ashcroft Gareth Griffiths and Helen Tiffin |
| 9 (RLIN) | 4957 |
| 856 ## - ELECTRONIC LOCATION AND ACCESS | |
| Password | 0 |
| Logon | 0 |
| Link text | Download |
| 942 ## - ADDED ENTRY ELEMENTS (KOHA) | |
| Source of classification or shelving scheme | |
| Koha item type | Books |
| Withdrawn status | Lost status | Source of classification or shelving scheme | Damaged status | Not for loan | Collection code | Permanent location | Current location | Shelving location | Date acquired | Source of acquisition | Inventory number | Total Checkouts | Full call number | Barcode | Date last seen | Copy number | Price effective from | Koha item type | Date last checked out | Checked out |
|---|---|---|---|---|---|---|---|---|---|---|---|---|---|---|---|---|---|---|---|---|
| Non-fiction | Bangladesh University of Business and Technology Library | Bangladesh University of Business and Technology Library | English Literature Stacks | 07/20/2011 | Purchase | 10666 | 325.303/ As34p/ 2000 | BUBTL-200310666 | 11/21/2022 | C-1 | 11/21/2022 | Books | ||||||||
| Non-fiction | Bangladesh University of Business and Technology Library | Bangladesh University of Business and Technology Library | English Literature Stacks | 07/20/2011 | Purchase | 10667 | 2 | 325.303/ As34p/ 2000 | BUBTL-200310667 | 01/17/2024 | C-1 | 11/21/2022 | Books | 01/14/2024 | ||||||
| Non-fiction | Bangladesh University of Business and Technology Library | Bangladesh University of Business and Technology Library | English Literature Stacks | 07/20/2011 | Purchase | 10668 | 1 | 325.303/ As34p/ 2000 | BUBTL-200310668 | 07/14/2024 | C-3 | 11/21/2022 | Books | 07/14/2024 | 07/21/2024 | |||||
| Non-fiction | Bangladesh University of Business and Technology Library | Bangladesh University of Business and Technology Library | English Literature Stacks | 07/20/2011 | Purchase | 10669 | 1 | 325.303/ As34p/ 2000 | BUBTL-200310669 | 09/21/2023 | C-4 | 11/21/2022 | Books | 09/19/2023 | ||||||
| Not For Loan | Non-fiction | Bangladesh University of Business and Technology Library | Bangladesh University of Business and Technology Library | English Literature Stacks | 07/20/2011 | Purchase | 10670 | 325.303/ As34p/ 2000 | BUBTL-200310670 | 11/21/2022 | C-5 | 11/21/2022 | Books |
